[Event "Marseille"]
[Site "Marseille FRA"]
[Date "1989.??.??"]
[Round "?"]
[White "Tal, Mikhail N"]
[Black "Spraggett, Kevin B"]
[Result "1/2-1/2"]
[WhiteElo "2610"]
[BlackElo "2575"]
[PlyCount "25"]
[EventDate "1989.07.??"]
[Source "www.chesslib.no"]
[SourceDate "2004.05.04"]

1. d4 Nf6 2. c4 e6 3. Nf3 b6 4. g3 Bb7 5. Bg2 Bb4+ 6. Bd2 Bxd2+ 7. Qxd2 O-O 8. O-O d6 9. Nc3 Qe7 10. Rfd1 Nbd7 11. Ne1 Bxg2 12. Nxg2 Rfd8 13. Rac1 1/2-1/2

[Event "CERA Bank op"]
[Site "NED"]
[Date "1998.??.??"]
[Round "?"]
[White "Chernin, Alexander"]
[Black "Zelcic, Robert"]
[Result "0-1"]
[WhiteElo "2645"]
[BlackElo "2540"]
[PlyCount "66"]
[EventDate "1998.??.??"]
[Source "www.chesslib.no"]
[SourceDate "2004.05.04"]

1. d4 Nf6 2. c4 e6 3. Nf3 Bb4+ 4. Bd2 Qe7 5. g3 b6 6. Bg2 Bb7 7. O-O Bxd2 8. Qxd2 O-O 9. Nc3 d5 10. cxd5 exd5 11. Rac1 Na6 12. Rfd1 Rfd8 13. Qg5 h6 14. Qh4 Qb4 15. Rc2 Qf8 16. Ne5 c5 17. Rcd2 Nc7 18. dxc5 bxc5 19. Qa4 Rd6 20. Qc2 Qc8 21. e3 Qe8 22. Nd3 Ne6 23. Ne5 Rad8 24. Ne2 Qe7 25. h4 Ba6 26. Nf4 Bb7 27. Nxe6 Rxe6 28. Nd3 c4 29. Nf4 Red6 30. Rd4 g5 31. hxg5 hxg5 32. Ne2 Bc8 33. Nc3 Be6 0-1

[Event "Biel op MTO"]
[Site "Biel"]
[Date "1997.??.??"]
[Round "11"]
[White "Adianto, Utut"]
[Black "Tukmakov, Vladimir B"]
[Result "1/2-1/2"]
[WhiteElo "2610"]
[BlackElo "2575"]
[PlyCount "61"]
[EventDate "1997.07.21"]
[Source "ChessBase"]
[SourceDate "1997.11.24"]

1. d4 Nf6 2. c4 e6 3. Nf3 b6 4. g3 Bb7 5. Bg2 Bb4+ 6. Bd2 Qe7 7. O-O Bxd2 8. Qxd2 O-O 9. Nc3 d5 10. cxd5 exd5 11. Nh4 Rd8 12. Rfe1 Nbd7 13. Nf5 Qf8 14. Qf4 c5 15. Rad1 cxd4 16. Rxd4 Nc5 17. Qh4 Nce4 18. Red1 Nxc3 19. bxc3 Re8 20. Bf3 Ba6 21. Rf4 Bxe2 22. Nh6+ gxh6 23. Bxe2 Rxe2 24. Qxf6 Qg7 25. Qc6 Rae8 26. Rxd5 Qg6 27. Qc4 R2e4 28. Rd4 Rxf4 29. Rxf4 Qe6 30. Rg4+ Kh8 31. a4 1/2-1/2

[Event "Beersheba"]
[Site "Beersheba"]
[Date "1990.??.??"]
[Round "3"]
[White "Ftacnik, Lubomir"]
[Black "Kortschnoj, Viktor"]
[Result "1/2-1/2"]
[WhiteElo "2560"]
[BlackElo "2625"]
[PlyCount "73"]
[EventDate "1990.03.??"]
[Source "ChessBase"]

1. d4 Nf6 2. c4 e6 3. Nf3 b6 4. g3 Bb7 5. Bg2 Bb4+ 6. Bd2 Qe7 7. O-O Bxd2 8. Nfxd2 Bxg2 9. Kxg2 Nc6 10. e3 O-O 11. Nc3 d6 12. Qa4 Qd7 13. Rfd1 a6 14. Nf3 Ne7 15. Qxd7 Nxd7 16. e4 Rfd8 17. Rac1 c6 18. d5 cxd5 19. cxd5 e5 20. b4 Rdc8 21. Nd2 Ra7 22. Ne2 Rac7 23. Rxc7 Rxc7 24. Rc1 Rxc1 25. Nxc1 f5 26. f3 b5 27. Ncb3 Kf8 28. Na5 fxe4 29. fxe4 Ke8 30. Nb1 Nb6 31. Nc3 Kd7 32. Kf3 Kc7 33. Ke3 Ng8 34. Kf3 Nf6 35. h4 h5 36. Ke3 Ng4+ 37. Kf3 1/2-1/2

[Event "Haifa"]
[Site "Haifa"]
[Date "1996.??.??"]
[Round "6"]
[White "Huzman, Alexander"]
[Black "Psakhis, Lev"]
[Result "1/2-1/2"]
[WhiteElo "2570"]
[BlackElo "2610"]
[PlyCount "36"]
[EventDate "1996.06.??"]
[Source "ChessBase"]

1. Nf3 Nf6 2. c4 e6 3. g3 b6 4. Bg2 Bb7 5. d4 Bb4+ 6. Bd2 Bxd2+ 7. Qxd2 O-O 8. Nc3 d6 9. O-O Ne4 10. Nxe4 Bxe4 11. Qe3 Bb7 12. Qd3 f5 13. Ne1 Bxg2 14. Nxg2 Nc6 15. e4 Qf6 16. Rad1 e5 17. d5 Ne7 18. exf5 Qxf5 1/2-1/2

[Event "Ostrava"]
[Site "Ostrava"]
[Date "1994.??.??"]
[Round "11"]
[White "Stohl, Igor"]
[Black "Kortschnoj, Viktor"]
[Result "1/2-1/2"]
[WhiteElo "2560"]
[BlackElo "2615"]
[PlyCount "66"]
[EventDate "1994.06.??"]
[Source "ChessBase"]

1. d4 Nf6 2. c4 e6 3. Nf3 Bb4+ 4. Nbd2 b6 5. g3 Bb7 6. Bg2 O-O 7. O-O d5 8. Ne5 Nbd7 9. Nd3 a5 10. Qc2 Be7 11. b3 c5 12. Bb2 Rc8 13. Rac1 cxd4 14. Bxd4 Ba3 15. Bb2 Qe7 16. Bxa3 Qxa3 17. Qb2 Qxb2 18. Nxb2 Rfd8 19. Rfd1 Kf8 20. cxd5 exd5 21. Bh3 Ba6 22. e3 Bb5 23. Nb1 Be2 24. Re1 Bg4 25. Bxg4 Nxg4 26. Nc3 Nde5 27. Kg2 Nxh2 28. Rh1 Nhg4 29. Rxh7 Kg8 30. Rhh1 d4 31. exd4 Rxd4 32. Nb1 Rcd8 33. Rhd1 Rxd1 1/2-1/2